[Event "FRA-ch U18 Girls"]
[Site "Gonfreville"]
[Date "2016.??.??"]
[Round "2"]
[White "Saiah, Anouk"]
[Black "Fesselier, Melissa"]
[Result "0-1"]
[WhiteElo "1724"]
[BlackElo "2000"]
[PlyCount "56"]
[EventDate "2016.04.22"]
[EventType "swiss"]
[EventRounds "9"]
[EventCountry "FRA"]
[SourceTitle "EXT 2019"]
[Source "ChessBase"]
[SourceDate "2018.10.10"]
[SourceVersion "1"]
[SourceVersionDate "2018.10.10"]
[SourceQuality "1"]

1. e4 c5 2. Nf3 d6 3. d4 cxd4 4. Nxd4 Nf6 5. Nc3 a6 6. Be2 e5 7. Nb3 Be7 8. Bg5 Nbd7 9. 0-0 0-0 10. Qd2 Re8 11. Rad1 Qc7 12. Nc1 b5 13. Nd3 Bb7 14. Bf3 h6 15. Be3 Nc5 16. Nxc5 dxc5 17. Nd5 Bxd5 18. exd5 Bd6 19. Bxh6 gxh6 20. Qxh6 e4 21. Qxf6 exf3 22. Rd3 Bxh2+ 23. Kh1 fxg2+ 24. Kxg2 Qf4 25. Qc3 b4 26. Qxb4 cxb4 27. Rd4 Re5 28. Kh3 Rg5 0-1

[Event "FRA-ch U16 Girls"]
[Site "Saint Paul Trois Chateaux"]
[Date "2013.04.28"]
[Round "1"]
[White "Saiah, Anouk"]
[Black "Haussernot, Cecile"]
[Result "0-1"]
[WhiteElo "1525"]
[BlackElo "2077"]
[PlyCount "72"]
[EventDate "2013.04.28"]
[EventType "swiss"]
[EventRounds "9"]
[EventCountry "FRA"]
[SourceTitle "CBM 154 Extra"]
[Source "ChessBase"]
[SourceDate "2013.06.25"]
[SourceVersion "2"]
[SourceVersionDate "2013.06.25"]
[SourceQuality "1"]

1. e4 c5 2. Nf3 d6 3. d4 cxd4 4. Nxd4 Nf6 5. Nc3 a6 6. Be2 e5 7. Nb3 Be6 8. 0-0 Be7 9. Be3 0-0 10. f3 Nbd7 11. Qd2 b5 12. a3 Nb6 13. Rad1 d5 14. exd5 Nbxd5 15. Bf2 Qc7 16. Nxd5 Nxd5 17. Bd3 f5 18. Bg3 Rad8 19. Qe2 f4 20. Bf2 Ne3 21. Bxe3 fxe3 22. Kh1 Bg5 23. Kg1 Rf6 24. Na1 Rh6 25. g3 Rf8 26. c3 Rhf6 27. Kg2 Qf7 28. Nc2 Qh5 29. Be4 Bc4 30. Bd3 Bxd3 31. Rxd3 e4 32. Rxe3 Bxe3 33. Qxe3 Rxf3 34. Rxf3 exf3+ 35. Kg1 f2+ 36. Kf1 Qh3+ 0-1